Riconosci il Pokémon - Quiz n°994 - Statistics

Statistiche generali
  • Questo quiz è stato fatto 9 volte
  • Il punteggio medio è 8 su 10
Statistiche sulle risposte
Indizio Risposta % Corretto
Generazione Sesta
100%
Tipo Fuoco / Acqua
86%
Stadio evoluzione Non si evolve
86%
Altezza 1,7 m
71%
Peso 195,0 kg
71%
Tasso di cattura 3 (1.6%)
71%
Abilità Assorbacqua
71%
Tasso di allevamento Lento
71%
Sesso Sconosciuto
71%
Pokémon Volcanion
71%
Nessun quiz corrispondente trovato
Distribuzione punteggi
Percentuale di utenti per punteggio
Percentile per numero di risposta
I tuoi punteggi nel tempo
Non hai fatto questo quiz